Musical Acts by State - Massachusetts - Statistics

General Stats
  • This quiz has been taken 96 times
  • The average score is 9 of 30
Answer Stats
City/Town Songs Answer % Correct
Boston I Don't Want To Miss A Thing | Dream On Aerosmith
95%
Boston More Than A Feeling | Amanda Boston
80%
Nantucket All About That Bass | Dear Future Husband Meghan Trainor
71%
Boston Hot Stuff | She Works Hard For The Money Donna Summer
66%
Boston My Prerogative | Every Little Step Bobby Brown
50%
Boston More Than Words | Hole Hearted Extreme
46%
Boston Step By Step | You Got It (The Right Stuff) New Kids on the Block
45%
Boston Where Is My Mind | Here Comes Your Man Pixies
43%
Haverhill Dragula | Living Dead Girl Rob Zombie
43%
Quincy I'm Shipping Up To Boston | Rose Tattoo Dropkick Murphys
41%
Wellesley The Stroke | Lonely Is The Night Billy Squier
40%
Malden Spirit In The Sky | Canned Ham Norman Greenbaum
39%
Rockport I Don't Want To Wait | Where Have All The Cowboys Gone? Paula Cole
26%
Boston The Impression That I Get | Someday I Suppose The Mighty Mighty Bosstones
26%
Somerville Monster Mash | Transylvania Twist Bobby Pickett
24%
Springfield It's Been Awhile | Outside Staind
24%
Boston Miserlou | Pipeline Dick Dale
20%
Boston Poison | When Will I See You Smile Again? Bell Biv DeVoe
18%
Amherst Feel The Pain | Watch The Corners Dinosaur Jr.
15%
Lawrence I Stand Alone | Voodoo Godsmack
15%
Worcester I'm Not Racist | Isis Joyner Lucas
14%
New Bedford Summer Girls | Girl On TV LFO
14%
Yarmouth My Name Is Human | Lydia Highly Suspect
9%
Lexington Come On Get Higher | Used To Be Matt Nathanson
6%
Boston Dancing With Your Ghost | Older Sasha Alex Sloan
5%
Springfield What If I Was Nothing | Two Weeks All That Remains
4%
Malden You You You | My Bonnie Lassie Ames Brothers
4%
Boston You Don't Know Me | My My My Armand Van Helden
4%
Barnstable Onion Boy | Love, Or The Lack Thereof Isaac Dunbar
1%
Foxborough Hammer | Letdown nothing, nowhere.
1%
No matching quizzes found
Score Distribution
Percent of People with Each Score
Percentile by Number Answered
Your Score History
You have not taken this quiz